The Facts on file Compaion to the American Novel ( volume 3)

Đã lưu trong:
Bibliografiske detaljer
Format: Bog
Udgivet: 2006
Tags: Tilføj Tag
Ingen Tags, Vær først til at tagge denne postø!
Thư viện lưu trữ: Mạng thư viện Đại học Đà Nẵng
LEADER 00467nam a22001811a 4500
001 000038294
003 14589
005 20160412021253.0
008 160412s2006 000
082 |a 4A(07)2067 
245 |a The Facts on file Compaion to the American Novel ( volume 3)  |c A.H.Pwerock 
260 |c 2006 
OWN |a LNN 
999 |a From the UDN01 
TYP |a Monograph 
980 |a Mạng thư viện Đại học Đà Nẵng